Geometry, a metric approach with models /

Bibliographic Details
Main Author: Millman, Richard S., 1945-
Other Authors: Parker, George D., 1945-
Format: Book
Language:English
Published: New York : Springer-Verlag, [1981]
Series:Undergraduate texts in mathematics.
Subjects:

MARC

Tag First Indicator Second Indicator Subfields
LEADER 00000pam a2200000 a 4500
001 in00000084049
005 20151008055639.0
008 810527s1981 nyua b 00110 eng
010 |a  81008883  
020 |a 038790610X 
020 |a 354090610X (Berlin) 
035 |a (OCoLC)07573781 
035 |9 AAJ4012AM 
039 0 |a 2  |b 3  |c 3  |d 3  |e 3 
040 |a DLC  |c DLC  |d TXA  |d UtOrBLW 
049 |a TXAM  |c [933112] 
050 0 0 |a QA445  |b .M52 
082 0 |a 516  |2 19 
100 1 |a Millman, Richard S.,  |d 1945- 
245 1 0 |a Geometry, a metric approach with models /  |c Richard S. Millman, George D. Parker. 
264 1 |a New York :  |b Springer-Verlag,  |c [1981] 
264 4 |c ©1981 
300 |a x, 355 pages :  |b illustrations ;  |c 24 cm. 
336 |a text  |b txt  |2 rdacontent 
337 |a unmediated  |b n  |2 rdamedia 
338 |a volume  |b nc  |2 rdacarrier 
490 1 |a Undergraduate texts in mathematics 
500 |a Includes index. 
504 |a Bibliography: pages 344-345. 
650 0 |a Geometry. 
700 1 |a Parker, George D.,  |d 1945- 
830 0 |a Undergraduate texts in mathematics. 
999 |a MARS 
999 f f |s 0418ddfe-fa92-3e5f-b87c-fbecc05f9c09  |i 7d1ab053-8978-311a-81dd-8ab7daf31a0b  |t 0 
952 f f |p normal  |a Texas A&M University  |b College Station  |c Sterling C. Evans Library  |d Evans: Library Stacks  |t 0  |e QA445 .M52  |h Library of Congress classification  |i unmediated -- volume  |m A14806205647 
998 f f |a QA445 .M52  |t 0  |l Evans: Library Stacks